[Event "WCU Winter Major"]
[Site "Bridgend"]
[Date "2026.01.24"]
[Round "3.14"]
[White "Scarpignato, Samuele"]
[Black "Stannard, Mike"]
[Result "1-0"]
[WhiteElo "1710"]
[BlackElo "1533"]
[WhiteFideId "-1"]
[BlackFideId "-1"]
[PlyCount "55"]
[GameId "2272701321830689"]
[EventDate "2026.01.23"]
[EventType "swiss"]
[EventRounds "5"]
[EventCountry "WLS"]

{[%evp 0,55,18,8,18,5,6,3,8,-20,1,-1,12,1,14,-28,-8,-8,-18,-14,-5,-6,0,3,0,-23,-4,-41,-50,-56,-8,-12,170,-17,-29,-12,1,8,148,72,157,101,111,113,322,358,481,434,914,1002,1011,989,1034,704,29987,29988,29989,29990]} 1. d4 Nf6 2. Bf4 d5 3. e3 c5 4. Nd2 cxd4 5. exd4 Qb6 6. Nb3 Bf5 7. Bd3 Bxd3 8. Qxd3 e6 9. Nf3 h6 10. O-O Bd6 11. Ne5 Nbd7 12. Bg3 Qc7 13. f4 Ne4 14. Nd2 Ndf6 15. Nxe4 Bxe5 16. fxe5 Nxe4 17. Rac1 Nxg3 18. Qxg3 g5 19. h4 Qe7 20. Rf6 Qb4 21. c3 Qf8 22. Rcf1 Rh7 23. Qd3 Rg7 24. Qb5+ Kd8 25. Qxb7 Rc8 26. Rxe6 gxh4 27. Rd6+ Qxd6 28. exd6 1-0

[Event "WCU Winter Major"]
[Site "Bridgend"]
[Date "2026.01.24"]
[Round "3.15"]
[White "Bartlett-Davis, Otto"]
[Black "Hurn, Robert Aj"]
[Result "1/2-1/2"]
[WhiteElo "1626"]
[BlackElo "1689"]
[WhiteFideId "-1"]
[PlyCount "60"]
[GameId "2272701343039784"]
[EventDate "2026.01.23"]
[EventType "swiss"]
[EventRounds "5"]
[EventCountry "WLS"]

1. d4 Nf6 2. c4 e6 3. Nf3 d5 4. Bg5 Nbd7 5. e3 c6 6. Nc3 Qa5 7. Bxf6 Nxf6 8. a3 Ne4 9. Qc1 Nxc3 10. Qxc3 Qxc3+ 11. bxc3 Bd6 12. a4 O-O 13. cxd5 exd5 14. Bd3 Bg4 15. Nd2 Rfe8 16. Nb3 b6 17. Ba6 Re7 18. h3 Bf5 19. O-O h6 20. Rfc1 c5 21. c4 dxc4 22. Bxc4 cxd4 23. Nxd4 Bd7 24. Bb5 Bc5 25. Bxd7 Rxd7 26. Nb3 Be7 27. Rd1 Rad8 28. Rxd7 Rxd7 29. Kf1 Kf8 30. Ke2 Ke8 1/2-1/2

[Event "WCU Winter Major"]
[Site "Bridgend"]
[Date "2026.01.24"]
[Round "3.16"]
[White "Potier, Julien"]
[Black "Belochkin, David"]
[Result "1-0"]
[WhiteElo "1521"]
[BlackElo "1532"]
[WhiteFideId "-1"]
[BlackFideId "-1"]
[PlyCount "57"]
[GameId "2272702199718194"]
[EventDate "2026.01.23"]
[EventType "swiss"]
[EventRounds "5"]
[EventCountry "WLS"]

1. e4 c5 2. c3 e5 3. Nf3 Nc6 4. a3 Nf6 5. d3 d5 6. exd5 Qxd5 7. c4 Qd6 8. Be2 Bf5 9. Nc3 a6 10. Ng5 h6 11. Nge4 Nxe4 12. Nxe4 Qg6 13. Ng3 O-O-O 14. Nxf5 Qxf5 15. Bg4 Nd4 16. Bxf5+ Nxf5 17. O-O h5 18. Qf3 g6 19. Qe4 f6 20. Be3 h4 21. Rad1 Be7 22. f4 Bd6 23. fxe5 Bxe5 24. Bxc5 Rhe8 25. Qg4 Rg8 26. Rxf5 gxf5 27. Qxf5+ Kb8 28. d4 Rge8 29. Rd3 1-0

[Event "WCU Winter Major"]
[Site "Bridgend"]
[Date "2026.01.24"]
[Round "3.17"]
[White "Edwards, Billy"]
[Black "Zhuravlev, Andrei"]
[Result "0-1"]
[WhiteElo "1397"]
[BlackElo "1470"]
[WhiteFideId "-1"]
[BlackFideId "-1"]
[PlyCount "64"]
[GameId "2272703078494524"]
[EventDate "2026.01.23"]
[EventType "swiss"]
[EventRounds "5"]
[EventCountry "WLS"]

1. e4 e5 2. Nf3 Nc6 3. Bb5 a6 4. Ba4 b5 5. Bb3 Bc5 6. c3 Nf6 7. d4 exd4 8. e5 Ng8 9. cxd4 Bb4+ 10. Nc3 Nge7 11. O-O d6 12. exd6 Qxd6 13. Ne4 Qg6 14. Qc2 Bf5 15. Nfg5 O-O 16. f3 Nxd4 17. Qxc7 Ne2+ 18. Kh1 Bxe4 19. fxe4 Rac8 20. Qe5 Bd6 21. Qxd6 Qxd6 22. Nxf7 Rxf7 23. Bxf7+ Kh8 24. Be3 h6 25. Rad1 Qe5 26. Rd2 Nc1 27. a3 Qxe4 28. Bb6 Nd3 29. Rfd1 Ne5 30. Rd4 Qf5 31. Ba2 Rf8 32. Kg1 Qf2+ 0-1

[Event "WCU Winter Major"]
[Site "Bridgend"]
[Date "2026.01.24"]
[Round "3.18"]
[White "Edwards, Jonathan"]
[Black "Hill, Glyn"]
[Result "1-0"]
[WhiteElo "1424"]
[BlackElo "1413"]
[WhiteFideId "-1"]
[BlackFideId "-1"]
[PlyCount "65"]
[GameId "2272704974369094"]
[EventDate "2026.01.23"]
[EventType "swiss"]
[EventRounds "5"]
[EventCountry "WLS"]

{[%evp 0,65,22,18,25,30,38,23,86,30,64,56,195,233,526,428,592,313,331,354,342,364,363,354,359,374,407,307,331,370,412,286,350,220,232,199,285,285,306,318,305,146,114,125,438,482,600,453,682,571,633,581,586,490,641,560,554,548,978,921,1038,1111,29995,29996,29997,29998,29999,29999]} 1. e4 c6 2. d4 d5 3. Nc3 Nd7 4. Nf3 e6 5. Bf4 c5 6. Nb5 Nb6 7. Nc7+ Ke7 8. Nxa8 Nxa8 9. dxc5 Qa5+ 10. c3 Qxc5 11. Be3 Qa5 12. b4 Qc7 13. Bc5+ Ke8 14. Qa4+ Bd7 15. Bb5 Nb6 16. Qxa7 Bxc5 17. bxc5 Qxc5 18. Bxd7+ Nxd7 19. Qxc5 Nxc5 20. O-O Nxe4 21. Rab1 Nxc3 22. Rxb7 g6 23. a4 Kd8 24. Ne5 Kc8 25. Rxf7 Nh6 26. Rd7 Rd8 27. Rxh7 Nf5 28. Rc1 Nd4 29. Rxc3+ Kb8 30. Rcc7 Rc8 31. Rb7+ Ka8 32. Ra7+ Kb8 33. Rhb7# 1-0

[Event "WCU Winter Major"]
[Site "Bridgend"]
[Date "2026.01.25"]
[Round "4.1"]
[White "Smith, Andrew R"]
[Black "Saparovich, Mikhail"]
[Result "1-0"]
[WhiteElo "1800"]
[BlackElo "1681"]
[WhiteFideId "-1"]
[BlackFideId "-1"]
[PlyCount "51"]
[GameId "2272706671706590"]
[EventDate "2026.01.23"]
[EventType "swiss"]
[EventRounds "5"]
[EventCountry "WLS"]

1. e4 c5 2. Nf3 d6 3. d4 cxd4 4. Nxd4 Nf6 5. Nc3 a6 6. Be2 e5 7. Nf3 Be6 8. Be3 Be7 9. O-O Ng4 10. Qd2 Nxe3 11. Qxe3 Nd7 12. Rad1 Nf6 13. Nxe5 Qa5 14. Nc4 Bxc4 15. Bxc4 Rc8 16. Bb3 O-O 17. Nd5 Nxd5 18. Rxd5 Rc5 19. Rfd1 Rfc8 20. c3 b5 21. Qf4 Rf8 22. Rxc5 dxc5 23. Qe5 Re8 24. Rd7 Kf8 25. Qd5 c4 26. Bxc4 1-0

[Event "WCU Winter Major"]
[Site "Bridgend"]
[Date "2026.01.25"]
[Round "4.2"]
[White "Hayes, Ian"]
[Black "Bull, Jack"]
[Result "1/2-1/2"]
[WhiteElo "1751"]
[BlackElo "1690"]
[WhiteFideId "-1"]
[BlackFideId "-1"]
[PlyCount "82"]
[GameId "2272707537007089"]
[EventDate "2026.01.23"]
[EventType "swiss"]
[EventRounds "5"]
[EventCountry "WLS"]

1. d4 d5 2. c4 Nf6 3. cxd5 Qxd5 4. Nc3 Qd8 5. Bf4 Nc6 6. Nf3 e6 7. a3 Bd6 8. Bg5 h6 9. Bh4 g5 10. Bg3 Bxg3 11. hxg3 g4 12. Ne5 Qxd4 13. Nxc6 Qxd1+ 14. Rxd1 bxc6 15. e3 Nd5 16. Nxd5 exd5 17. Rc1 Bd7 18. Be2 f5 19. Rh5 Ke7 20. Kd2 Kf6 21. Rch1 Kg7 22. Bd3 Raf8 23. b4 Be6 24. R5h4 Rf6 25. Rc1 Bd7 26. Rc5 Kf7 27. Ra5 Ra8 28. Ba6 Rb8 29. Bd3 Ra8 30. Rh1 Ke7 31. Rc1 h5 32. b5 cxb5 33. Rxc7 Ke6 34. Raxa7 Rxa7 35. Rxa7 Kd6 36. Kc3 Rf8 37. Kb2 Rh8 38. Kb3 h4 39. gxh4 Rxh4 40. Ra6+ Ke7 41. Ra7 Kd6 1/2-1/2

[Event "WCU Winter Major"]
[Site "Bridgend"]
[Date "2026.01.25"]
[Round "4.3"]
[White "Thomas, Kevin"]
[Black "Ramzan, Timur"]
[Result "1-0"]
[WhiteElo "1737"]
[BlackElo "1658"]
[WhiteFideId "-1"]
[PlyCount "45"]
[GameId "2272710008222203"]
[EventDate "2026.01.23"]
[EventType "swiss"]
[EventRounds "5"]
[EventCountry "WLS"]

1. d4 Nf6 2. c4 e5 3. dxe5 Ng4 4. e3 Nxe5 5. f4 Ng6 6. Nc3 Bc5 7. Bd3 d6 8. Nge2 a6 9. O-O Nd7 10. Ne4 Ba7 11. N2g3 O-O 12. Bd2 f6 13. Qh5 Re8 14. Rae1 Ndf8 {(=)} 15. Rf3 Ne7 16. Bc3 Neg6 17. Nf5 Bxf5 18. Qxf5 Nh4 19. Qd5+ Ne6 20. Rg3 Kh8 21. Qh5 Ng6 22. Nxf6 Nexf4 23. Qxh7# 1-0

[Event "WCU Winter Major"]
[Site "Bridgend"]
[Date "2026.01.25"]
[Round "4.4"]
[White "Williams, Stephen"]
[Black "Jones, Gavin"]
[Result "1/2-1/2"]
[WhiteElo "1655"]
[BlackElo "1766"]
[BlackFideId "-1"]
[PlyCount "75"]
[GameId "2272710833119796"]
[EventDate "2026.01.23"]
[EventType "swiss"]
[EventRounds "5"]
[EventCountry "WLS"]

1. e4 c6 2. d4 d5 3. exd5 cxd5 4. Bd3 Nf6 5. c3 Nc6 6. Bf4 e6 7. Nf3 Nh5 8. Bg5 Qc7 9. Qe2 Nf4 10. Bxf4 Qxf4 11. g3 Qc1+ 12. Qd1 Qxb2 13. Nbd2 Qxc3 14. Bb5 Bd7 15. O-O Bd6 16. Rc1 Qa5 17. Qa4 Qxa4 18. Bxa4 Ke7 19. Bxc6 Bxc6 20. Ne5 Bxe5 21. dxe5 Rac8 22. Nb3 Bb5 23. Rfe1 Bc4 24. Na5 Rc7 25. Rc3 b5 26. a3 d4 27. Rcc1 d3 28. Red1 Kd7 29. Rc3 Rb8 30. f4 Rb6 31. Kf2 Rc5 32. Rdxd3+ Kc7 33. Rd4 Ra6 34. Nxc4 Rac6 35. Nd6 Rxc3 36. Nxb5+ Kb6 37. Nxc3 Rxc3 38. Rb4+ 1/2-1/2

[Event "WCU Winter Major"]
[Site "Bridgend"]
[Date "2026.01.25"]
[Round "4.5"]
[White "Peters, Chris"]
[Black "Murthy, Arush"]
[Result "0-1"]
[WhiteElo "1672"]
[BlackElo "1613"]
[WhiteFideId "-1"]
[BlackFideId "-1"]
[PlyCount "120"]
[GameId "2274234247594087"]
[EventDate "2026.01.23"]
[EventType "swiss"]
[EventRounds "5"]
[EventCountry "WLS"]

1. c4 Nf6 2. g3 g6 3. Bg2 d5 4. cxd5 Nxd5 5. Nc3 Nxc3 6. bxc3 Bg7 7. Nf3 O-O 8. O-O c5 9. d4 Nc6 10. Bb2 Qb6 11. Qb3 cxd4 12. Qxb6 axb6 13. cxd4 Be6 14. Ne5 Bxe5 15. dxe5 Rxa2 16. Rxa2 Bxa2 17. Rd1 Rd8 18. Rxd8+ Nxd8 19. Ba3 Kf8 20. Kf1 Ke8 21. Ke1 Kd7 22. Kd2 Nc6 23. f4 Na5 24. Kc3 e6 25. Be4 Nc6 26. g4 Bd5 27. Bd3 Na7 28. e4 Bc6 29. Kb4 Kc7 30. h4 Kd7 31. Bb2 Kc7 32. f5 Bd7 33. h5 Be8 34. h6 Bd7 35. Bc2 Nc6+ 36. Kc4 b5+ 37. Kb3 Na5+ 38. Kb4 Nc4 39. Bd4 Bc6 40. Kc3 Na3 41. fxe6 fxe6 42. Bb3 Kd7 43. Kd3 Nb1 44. Bb2 Bxe4+ 45. Ke3 Bd5 46. Bxd5 exd5 47. Kd4 Ke6 48. Kc5 Nd2 49. Kxb5 Nc4 50. Bc3 Nxe5 51. Kb6 Nxg4 52. Bd2 Kf5 53. Kxb7 g5 54. Kc6 Nxh6 55. Kxd5 Nf7 56. Kd4 Ne5 57. Bc1 g4 58. Ke3 g3 59. Ke2 Kg4 60. Kf1 Nc4 0-1

[Event "WCU Winter Major"]
[Site "Bridgend"]
[Date "2026.01.25"]
[Round "4.6"]
[White "Probert, Malcolm"]
[Black "Matheson, Micah"]
[Result "0-1"]
[WhiteElo "1669"]
[BlackElo "1359"]
[BlackFideId "-1"]
[PlyCount "82"]
[GameId "2272811695317301"]
[EventDate "2026.01.23"]
[EventType "swiss"]
[EventRounds "5"]
[EventCountry "WLS"]

1. Nf3 Nf6 2. g3 g6 3. Bg2 Bg7 4. O-O O-O 5. c4 e6 6. d4 d5 7. cxd5 exd5 8. Nc3 Be6 9. h3 Nbd7 10. Qb3 c6 11. Qxb7 c5 12. Be3 cxd4 13. Bxd4 Nb6 14. Qa6 Nc4 15. b3 Bc8 16. Qb5 a6 17. Qc6 Bd7 18. Bxf6 Bxf6 19. Qxd5 Bxc3 20. Rac1 Nb6 21. Qd3 Bb2 22. Rcd1 Qe7 23. Qd2 Ba3 24. Qa5 Bc5 25. Nd2 Rab8 26. Ne4 Bb4 27. Qxa6 Bc8 28. Qb5 Nd7 29. Qc4 Ne5 30. Qc2 Bf5 31. g4 Rbc8 32. Qb1 Bd7 33. Rd4 f5 34. Ng3 fxg4 35. hxg4 Nxg4 36. Bd5+ Kg7 37. Bc4 Bc5 38. Re4 Qh4 39. Rxg4 Qxg4 40. Qb2+ Bd4 41. Qd2 Qxg3+ 0-1

[Event "WCU Winter Major"]
[Site "Bridgend"]
[Date "2026.01.25"]
[Round "4.7"]
[White "Richards, Benjamin James"]
[Black "Penny, Liam"]
[Result "1/2-1/2"]
[WhiteElo "1650"]
[BlackElo "1793"]
[WhiteFideId "-1"]
[PlyCount "29"]
[GameId "2272812799226174"]
[EventDate "2026.01.23"]
[EventType "swiss"]
[EventRounds "5"]
[EventCountry "WLS"]

1. e4 c6 2. Nf3 d5 3. exd5 cxd5 4. Ne5 Nf6 5. d4 Nc6 6. c3 Nxe5 7. dxe5 Ne4 8. f3 Nc5 9. Be3 e6 10. Nd2 Bd7 11. Be2 a6 12. O-O b5 13. b3 Rb8 14. Qc2 Bc6 15. Rfd1 1/2-1/2

[Event "WCU Winter Major"]
[Site "Bridgend"]
[Date "2026.01.25"]
[Round "4.9"]
[White "Browse, Joseph"]
[Black "Brain, Peter"]
[Result "1-0"]
[WhiteElo "1792"]
[BlackElo "1587"]
[BlackFideId "-1"]
[PlyCount "41"]
[GameId "2272813251801415"]
[EventDate "2026.01.23"]
[EventType "swiss"]
[EventRounds "5"]
[EventCountry "WLS"]

{[%evp 0,41,15,30,34,-11,-20,-10,-48,-18,-19,-35,-32,-46,-25,-30,-38,-57,-30,-21,-39,-12,-5,-131,7,-35,-5,-28,-29,-20,28,-87,21,-145,1,1,241,239,259,243,521,519,297,547]} 1. e4 d5 2. Nc3 d4 3. Nce2 Nc6 4. d3 e5 5. f4 Bb4+ 6. c3 dxc3 7. bxc3 Ba5 8. g3 Bg4 9. Qc2 Qd7 10. h3 Bxe2 11. Bxe2 Nf6 12. Bd2 O-O 13. fxe5 Nxe5 14. d4 Ng6 15. Nf3 Rfe8 16. Bd3 Nxe4 17. Bxe4 Rxe4+ 18. Qxe4 Re8 19. Ne5 f6 20. Nxd7 Rxe4+ 21. Kf2 1-0

[Event "WCU Winter Major"]
[Site "Bridgend"]
[Date "2026.01.25"]
[Round "4.10"]
[White "Wilkins, Zack"]
[Black "Scarpignato, Samuele"]
[Result "1-0"]
[WhiteElo "1648"]
[BlackElo "1710"]
[WhiteFideId "-1"]
[BlackFideId "-1"]
[PlyCount "121"]
[GameId "2272814122123657"]
[EventDate "2026.01.23"]
[EventType "swiss"]
[EventRounds "5"]
[EventCountry "WLS"]

1. d4 f5 2. Bg5 d5 3. e3 Nf6 4. Bxf6 exf6 5. c4 Be6 6. cxd5 Qxd5 7. Nc3 Qa5 8. Nge2 c6 9. Qc2 Bd6 10. g3 O-O 11. Bg2 Na6 12. O-O Nb4 13. Qd1 Nd5 14. Rc1 Rfe8 15. a3 Bf8 16. Qd3 Rad8 17. Nxd5 cxd5 18. Nf4 Bc8 19. b4 Qb6 20. Nxd5 Qd6 21. Rc2 Bd7 22. Rfc1 Bc6 23. Nf4 Bxg2 24. Kxg2 g5 25. Ne2 Qd5+ 26. Kg1 Bd6 27. Qc4 Qxc4 28. Rxc4 f4 29. gxf4 gxf4 30. Nxf4 Bxf4 31. exf4 Re4 32. d5 Re7 33. Rc8 Rxc8 34. Rxc8+ Kf7 35. Rc2 Rd7 36. Rd2 Kg6 37. Kg2 Kf5 38. Kf3 b5 39. Ke3 a6 40. Kd4 Kxf4 41. Kc5 Ke5 42. Re2+ Kf5 43. Re6 Ra7 44. Kb6 Ra8 45. Kb7 Rd8 46. Rxa6 Rxd5 47. Kc6 Re5 48. Rb6 Re6+ 49. Kxb5 Re5+ 50. Ka6 Re2 51. a4 Rxf2 52. a5 Re2 53. Rb5+ Kg4 54. Rc5 Re6+ 55. Kb7 Re7+ 56. Rc7 Re8 57. a6 f5 58. a7 f4 59. a8=Q Rxa8 60. Kxa8 f3 61. Rf7 1-0

[Event "WCU Winter Major"]
[Site "Bridgend"]
[Date "2026.01.25"]
[Round "4.11"]
[White "Phillips, Thomas"]
[Black "Potier, Julien"]
[Result "0-1"]
[WhiteElo "1707"]
[BlackElo "1521"]
[WhiteFideId "-1"]
[BlackFideId "-1"]
[PlyCount "82"]
[GameId "2272815990989212"]
[EventDate "2026.01.23"]
[EventType "swiss"]
[EventRounds "5"]
[EventCountry "WLS"]

{[%evp 0,21,15,23,28,5,42,54,45,50,52,76,88,78,79,32,99,-11,15,27,144,-163,-132,-65]} 1. e4 Nc6 2. Nf3 d5 3. exd5 Qxd5 4. Nc3 Qh5 5. Be2 Bg4 6. O-O Nf6 7. d3 e5 8. Re1 O-O-O 9. h3 Bxh3 10. Ng5 Bg4 11. Nce4 Bxe2 12. Qxe2 Qxe2 13. Rxe2 Rd7 14. a3 Nd4 15. Rd2 h6 16. Nxf6 gxf6 17. Nh3 Rg8 18. Kf1 h5 19. Rb1 Rg4 20. f3 Rg3 21. b4 Nxf3 22. Rf2 Nh4 23. Rxf6 Rxg2 24. Bg5 Rh2 25. Bxh4 Rxh3 26. Bf2 e4 27. Re1 Bg7 28. Rf5 exd3 29. Re8+ Rd8 30. Rxd8+ Kxd8 31. Rd5+ Ke7 32. Rxd3 Rxd3 33. cxd3 a6 34. a4 Ke6 35. b5 axb5 36. axb5 Kd5 37. Kg2 Bd4 38. Bg3 c6 39. bxc6 Kxc6 40. Kh3 Bf6 41. d4 Kd5 0-1

[Event "WCU Winter Major"]
[Site "Bridgend"]
[Date "2026.01.25"]
[Round "4.12"]
[White "Cooke, Mark"]
[Black "Bartlett-Davis, Otto"]
[Result "1/2-1/2"]
[WhiteElo "1619"]
[BlackElo "1626"]
[WhiteFideId "-1"]
[BlackFideId "-1"]
[PlyCount "127"]
[GameId "2272864166707418"]
[EventDate "2026.01.23"]
[EventType "swiss"]
[EventRounds "5"]
[EventCountry "WLS"]

1. e4 c6 2. d4 d5 3. e5 Bf5 4. Bd3 Bg6 5. Ne2 e6 6. Ng3 Nd7 7. O-O c5 8. c3 c4 9. Bc2 Bxc2 10. Qxc2 Ne7 11. Bg5 h6 12. Bxe7 Bxe7 13. f4 Qb6 14. Nd2 g6 15. Kh1 O-O-O 16. Rfb1 Qc6 17. b3 h5 18. bxc4 dxc4 19. a4 h4 20. Nge4 h3 21. Nf3 hxg2+ 22. Kxg2 f6 23. Qe2 fxe5 24. dxe5 Nc5 25. Nxc5 Bxc5 26. Rd1 Rxd1 27. Rxd1 Qxa4 28. Rd2 Qc6 29. Kg3 Rd8 30. Rxd8+ Kxd8 31. Kg4 Be7 32. Qc2 a5 33. Qxg6 a4 34. Qc2 a3 35. Nd4 Qd5 36. h4 Ke8 37. h5 Bf8 38. Kg5 Qd7 39. Qg6+ Qf7 40. f5 exf5 41. Qxf7+ Kxf7 42. Kxf5 a2 43. Nc2 Bg7 44. Na1 Bh6 45. e6+ Ke7 46. Kg6 Bc1 47. h6 Bxh6 48. Kxh6 Kxe6 49. Kg5 Ke5 50. Nc2 b5 51. Kg4 Ke4 52. Kg3 Kd3 53. Nb4+ Kxc3 54. Nxa2+ Kb2 55. Nb4 c3 56. Kf3 c2 57. Nd3+ Kc3 58. Ke2 Kc4 59. Kd2 Kb3 60. Nc1+ Kb2 61. Nd3+ Kb1 62. Kc3 b4+ 63. Kxb4 c1=Q 64. Nxc1 1/2-1/2

[Event "WCU Winter Major"]
[Site "Bridgend"]
[Date "2026.01.25"]
[Round "4.13"]
[White "Hurn, Robert Aj"]
[Black "Edwards, Jonathan"]
[Result "1-0"]
[WhiteElo "1698"]
[BlackElo "1424"]
[BlackFideId "-1"]
[PlyCount "165"]
[GameId "2272865822298348"]
[EventDate "2026.01.23"]
[EventType "swiss"]
[EventRounds "5"]
[EventCountry "WLS"]

1. d4 Nf6 2. c4 g6 3. f3 Bg7 4. e4 d6 5. Nc3 Nc6 6. Be3 O-O 7. Qd2 h6 8. d5 Ne5 9. Bxh6 e6 10. Bxg7 Kxg7 11. O-O-O c5 12. f4 Neg4 13. h3 Nh6 14. g4 Nhg8 15. Be2 Bd7 16. g5 Ne8 17. h4 f5 18. h5 e5 19. hxg6 Kxg6 20. Bh5+ Kg7 21. Qh2 fxe4 22. Bxe8 Rxe8 23. Qh7+ Kf8 24. Qxe4 Re7 25. Rf1 Rf7 26. Nge2 Bf5 27. Qg2 Qe7 28. Re1 Qd7 29. fxe5 dxe5 30. Ng3 Bg6 31. Rxe5 Qg4 32. Nce4 Qf4+ 33. Qd2 Qxe5 34. Nxc5 Rc8 35. Ne6+ Ke7 36. Qb4+ Ke8 37. Qb5+ Ke7 38. Qxb7+ Kd6 39. Qb4+ {(=)} Kd7 40. Qb5+ Ke7 41. Qb7+ Rc7 42. Qxc7+ Qxc7 43. Nxc7 Kd6 44. Ne6 Rf2 45. Nd4 Rf4 46. Nge2 Rf2 47. Kd2 Rg2 48. Rg1 Rf2 49. b4 Ne7 50. Nb5+ Kd7 51. Nxa7 Nf5 52. Nc6 Bh5 53. Re1 Ng3 54. Ncd4 Nf1+ 55. Kc3 Ne3 56. a4 Rf8 57. Ng3 Nd1+ 58. Kc2 Rf2+ 59. Kc1 Bg4 60. g6 Rf8 61. g7 Rg8 62. Ne6 Nc3 63. a5 Na2+ 64. Kb2 Nxb4 65. Kc3 Na6 66. Rf1 Bxe6 67. dxe6+ Kxe6 68. Nh5 Nc7 69. Rf8 Rxg7 70. Nxg7+ Ke7 71. Rc8 Kd7 72. Rh8 Kc6 73. Rh5 Kb7 74. Nf5 Ne6 75. Kb4 Nf4 76. Rh6 Nd3+ 77. Kb5 Ne5 78. a6+ Ka7 79. Rh7+ Ka8 80. c5 Kb8 81. c6 Nxc6 82. Kxc6 Ka8 83. Kb6 1-0

[Event "WCU Winter Major"]
[Site "Bridgend"]
[Date "2026.01.25"]
[Round "4.14"]
[White "Wiltshire, Bob"]
[Black "George, Naveen Daniel"]
[Result "0-1"]
[WhiteElo "1550"]
[BlackElo "1624"]
[WhiteFideId "-1"]
[BlackFideId "-1"]
[PlyCount "88"]
[GameId "2272868278042960"]
[EventDate "2026.01.23"]
[EventType "swiss"]
[EventRounds "5"]
[EventCountry "WLS"]

1. f4 Nf6 2. e3 g6 3. Nf3 Bg7 4. c3 c5 5. Be2 O-O 6. d4 cxd4 7. cxd4 d5 8. Ne5 Nc6 9. O-O Bf5 10. Nd2 Nb4 11. g4 Bc2 12. Qe1 Ba4 13. Bd1 Bb5 14. Rf3 Rc8 15. g5 Nd7 16. Rh3 Nxe5 17. Qh4 f6 18. Qxh7+ Kf7 19. fxe5 Rc6 20. Bg4 f5 21. Bxf5 gxf5 22. Qh5+ Ke6 23. Nb3 Kd7 24. Qh7 Bh8 25. e6+ Kc8 26. Bd2 Nd3 27. Rf1 f4 28. exf4 Rxe6 29. Re3 Rxe3 30. Bxe3 Nxb2 31. Rc1+ Kb8 32. Nc5 Qd6 33. Rb1 Nc4 34. Rxb5 Nxe3 35. Rxb7+ Ka8 36. Qxe7 Qxe7 37. Rxe7 Bxd4 38. Ne6 Nf5+ 39. Nxd4 Nxe7 40. Ne6 Rf5 41. h4 Ng6 42. h5 Nxf4 43. h6 Nxe6 44. h7 Rxg5+ 0-1

[Event "WCU Winter Major"]
[Site "Bridgend"]
[Date "2026.01.25"]
[Round "4.15"]
[White "Zhuravlev, Andrei"]
[Black "Wallace, Robert"]
[Result "0-1"]
[WhiteElo "1470"]
[BlackElo "1545"]
[WhiteFideId "-1"]
[BlackFideId "-1"]
[PlyCount "46"]
[GameId "2272869612380506"]
[EventDate "2026.01.23"]
[EventType "swiss"]
[EventRounds "5"]
[EventCountry "WLS"]

1. e4 c5 2. Bc4 Nc6 3. Nf3 d6 4. Nc3 g6 5. d3 Bg7 6. O-O Nf6 7. Bf4 O-O 8. Qd2 Bg4 9. Qe3 Nd4 10. Nxd4 cxd4 11. Qxd4 e5 12. Bxe5 dxe5 13. Qxe5 Re8 14. Qg5 Be6 15. Bxe6 Rxe6 16. Rab1 a6 17. Ne2 Rc8 18. Qe3 Ng4 19. Qf4 h5 20. h3 Bh6 21. Qg3 Nf6 22. Nc3 b5 23. a3 Bg7 {scoresheets incomplete, black won, approx 54 moves} 0-1

[Event "WCU Winter Major"]
[Site "Bridgend"]
[Date "2026.01.25"]
[Round "4.16"]
[White "Belochkin, David"]
[Black "Stannard, Mike"]
[Result "1/2-1/2"]
[WhiteElo "1532"]
[BlackElo "1533"]
[WhiteFideId "-1"]
[BlackFideId "-1"]
[PlyCount "42"]
[GameId "2272871603093860"]
[EventDate "2026.01.23"]
[EventType "swiss"]
[EventRounds "5"]
[EventCountry "WLS"]

1. d4 Nf6 2. Nf3 d5 3. Bf4 c5 4. e3 Qb6 5. b3 cxd4 6. Nxd4 Nc6 7. Bd3 e5 8. Nxc6 exf4 9. Nd4 fxe3 10. fxe3 Ng4 11. Qe2 Ne5 12. O-O Nxd3 13. Qxd3 g6 14. Nd2 Bg7 15. Rae1 O-O 16. N2f3 Bd7 17. a4 a6 18. Kh1 Rae8 19. h3 Re7 20. Re2 Rfe8 21. Rfe1 Bh6 1/2-1/2

[Event "WCU Winter Major"]
[Site "Bridgend"]
[Date "2026.01.25"]
[Round "4.17"]
[White "Hill, Glyn"]
[Black "Edwards, Billy"]
[Result "1-0"]
[WhiteElo "1413"]
[BlackElo "1397"]
[WhiteFideId "-1"]
[BlackFideId "-1"]
[PlyCount "63"]
[GameId "2272872265707886"]
[EventDate "2026.01.23"]
[EventType "swiss"]
[EventRounds "5"]
[EventCountry "WLS"]

1. d4 d5 2. Bf4 Nf6 3. Nc3 Bf5 4. Nf3 e6 5. e3 c5 6. Bd3 Ne4 7. Bb5+ Nc6 8. Nxe4 Bxe4 9. O-O cxd4 10. Ne5 Rc8 11. Nxc6 bxc6 12. Ba6 Ra8 13. Bb7 dxe3 14. Bxc6+ Ke7 15. Bxa8 exf2+ 16. Rxf2 Qxa8 17. Qd4 Qb7 18. Be3 Ke8 19. Qxa7 Qxa7 20. Bxa7 f6 21. a4 e5 22. a5 d4 23. Bxd4 exd4 24. Re1 Kd7 25. Rxe4 Kc7 26. Re8 Kb7 27. Kh1 Ka6 28. Rf5 h5 29. h4 g6 30. Rxf6+ Kxa5 31. Rexf8 Rxf8 32. Rxf8 1-0

[Event "WCU Winter Major"]
[Site "Bridgend"]
[Date "2026.01.25"]
[Round "5.1"]
[White "Bull, Jack"]
[Black "Smith, Andrew R"]
[Result "0-1"]
[WhiteElo "1690"]
[BlackElo "1800"]
[WhiteFideId "-1"]
[BlackFideId "-1"]
[PlyCount "68"]
[GameId "2272873390876035"]
[EventDate "2026.01.23"]
[EventType "swiss"]
[EventRounds "5"]
[EventCountry "WLS"]

1. e4 e5 2. Nf3 Nc6 3. Bb5 a6 4. Bxc6 dxc6 5. Nc3 Nf6 6. Nxe5 Bc5 7. Nf3 Bg4 8. d3 h6 9. h3 Bh5 10. g4 Bg6 11. e5 Nd5 12. Nxd5 Qxd5 13. Qe2 O-O-O 14. Be3 Rhe8 15. c4 Bb4+ 16. Kf1 Qxd3 17. Qxd3 Bxd3+ 18. Kg2 Bxc4 19. Kg3 Bd5 20. Bf4 g5 21. Be3 Bxf3 22. Kxf3 Rxe5 23. h4 Bc5 24. hxg5 hxg5 25. Rh6 Bxe3 26. fxe3 Rde8 27. Re1 f5 28. gxf5 Rxf5+ 29. Kg4 Rf2 30. e4 Rf4+ 31. Kxg5 Rf2 32. Rh4 Rg8+ 33. Kh5 Rfg2 34. Rg4 R2xg4 0-1

[Event "WCU Winter Major"]
[Site "Bridgend"]
[Date "2026.01.25"]
[Round "5.2"]
[White "Saparovich, Mikhail"]
[Black "Hayes, Ian"]
[Result "0-1"]
[WhiteElo "1681"]
[BlackElo "1751"]
[WhiteFideId "-1"]
[BlackFideId "-1"]
[PlyCount "74"]
[GameId "2274234247602292"]
[EventDate "2026.01.23"]
[EventType "swiss"]
[EventRounds "5"]
[EventCountry "WLS"]

1. e4 d6 2. d4 Nf6 3. Nc3 g6 4. Be3 c6 5. Qd2 b5 6. f3 Nbd7 7. a3 Nb6 8. h4 h5 9. Nh3 a5 10. Nf4 Bd7 11. e5 b4 12. Nd1 Nfd5 13. Nf2 Nxe3 14. Qxe3 Bh6 15. g3 Nd5 16. Qd2 Nxf4 17. gxf4 d5 18. Bd3 bxa3 19. Rxa3 Qb6 20. c3 Rb8 21. Nd1 e6 22. Bc2 Ke7 23. Rg1 c5 24. Qe3 cxd4 25. cxd4 Rhc8 26. Rg2 Rc4 27. Rd2 Rbc8 28. Rb3 Rb4 29. Rxb4 Qxb4 30. Kf2 Bb5 31. Bd3 Bxd3 32. Rxd3 Rc2+ 33. Kg3 a4 34. Rc3 Rxc3 35. Qxc3 Qb6 36. Qa3+ Kd8 37. Qf8+ Bxf8 0-1